[Event "Paracin op"]
[Site "Paracin"]
[Date "2009.08.20"]
[Round "2"]
[White "Radosavljevic, Nebojsa"]
[Black "Bozilov, Dragan"]
[Result "0-1"]
[WhiteElo "2124"]
[BlackElo "1830"]
[PlyCount "56"]
[EventDate "2009.08.19"]
[EventType "swiss"]
[EventRounds "9"]
[EventCountry "YUG"]
[SourceTitle "CBM 132 Extra"]
[Source "ChessBase"]
[SourceDate "2009.11.03"]
[SourceVersion "1"]
[SourceVersionDate "2009.11.03"]
[SourceQuality "1"]

1. e4 c5 2. Nf3 e6 3. d4 cxd4 4. Nxd4 Nc6 5. Nc3 Qc7 6. g3 a6 7. Bg2 Bb4 8. 0-0 Nge7 9. Nde2 0-0 10. Bf4 Ne5 11. a3 Bc5 12. h3 N7g6 13. Bc1 b5 14. Kh2 Nh4 15. f4 Nxg2 16. Kxg2 Nc4 17. Qd3 Bb7 18. b3 Nb6 19. Kh2 f5 20. b4 fxe4 21. Nxe4 Be7 22. Be3 Nc4 23. Bd4 Bxe4 24. Qxe4 Nd2 25. Qd3 Nxf1+ 26. Rxf1 Rac8 27. c3 Bd6 28. Rd1 e5 0-1

[Event "Belgrade Ada op"]
[Site "Belgrade"]
[Date "2005.08.23"]
[Round "9"]
[White "Radosavljevic, Nebojsa"]
[Black "Paulic, Branko"]
[Result "0-1"]
[WhiteElo "2129"]
[BlackElo "2223"]
[PlyCount "76"]
[EventDate "2005.08.15"]
[EventType "swiss"]
[EventRounds "9"]
[EventCountry "YUG"]
[SourceTitle "CBM 107 Extra"]
[Source "ChessBase"]
[SourceDate "2005.09.01"]
[SourceVersion "1"]
[SourceVersionDate "2005.09.01"]
[SourceQuality "1"]

1. Nf3 Nf6 2. g3 g6 3. Bg2 Bg7 4. 0-0 c5 5. c4 Nc6 6. Nc3 d6 7. d4 0-0 8. d5 Na5 9. Qd3 a6 10. Bd2 Rb8 11. Rab1 b5 12. b3 b4 13. Ne4 Nxe4 14. Qxe4 Bf5 15. Qh4 Bxb1 16. Rxb1 Re8 17. Bg5 Bf6 18. e4 Nb7 19. Re1 Bc3 20. Re2 Qc7 21. Bh3 Nd8 22. Bf4 Bf6 23. Bg5 Bg7 24. Bh6 a5 25. Bf4 e5 26. Bg5 a4 27. Re3 Ra8 28. Kg2 axb3 29. axb3 Ra2 30. Ng1 f6 31. Bh6 Bxh6 32. Qxh6 Nf7 33. Qh4 Ng5 34. Bg4 Kg7 35. Nh3 Qe7 36. Be2 Rc2 37. Nxg5 fxg5 38. Qg4 h5 0-1